000 00425nam a2200181Ia 4500
005 20251020182541.0
008 200515s9999 xx 000 0 und d
082 _a741/S74
100 _aCECIL SPENCER, Henry THOMAS DYGDON, John
245 0 _aDibujo técnico básico
260 _aMéxico, D.F.
260 _c1973
300 _a511
500 _a1 ejemplar
650 _aDIBUJO TECNICO
650 _aLIB
942 _cLIB
999 _c2414
_d2414